عرض عادي
عرض مارك
- Matei, Liviu
دخول Personal Name
001 - CONTROL NUMBER
- control field: 18714
003 - CONTROL NUMBER IDENTIFIER
- control field: AE-AdECS
005 - DATE AND TIME OF LATEST TRANSACTION
- control field: 20250724084607.0
008 - FIXED-LENGTH DATA ELEMENTS
- fixed length control field: 250724|| aca||aabn | a|a d
040 ## - CATALOGING SOURCE
- Original cataloging agency: AE-AdECS
- Transcribing agency: AE-AdECS
100 ## - HEADING--PERSONAL NAME
- Personal name: Matei, Liviu
670 ## - SOURCE DATA FOUND
- Source citation: Work cat.: (AE-AdECS)291500: Open society unresolved :
